| 000 | 00387nam a2200169Ia 4500 | ||
|---|---|---|---|
| 008 | 170705s9999 xx 000 0 und d | ||
| 020 | _a9780545001861 | ||
| 245 | _aSpells trouble / | ||
| 245 | _cClarice Bean. | ||
| 260 | _aNew York : | ||
| 260 | _bScholastic, | ||
| 260 | _c2004 | ||
| 300 | _a189 pages : | ||
| 300 | _bcolor illustration ; | ||
| 300 | _c19cm. | ||
| 500 | _a1040 | ||
| 999 |
_c336692 _d336692 |
||